| 000 | 01183 a2200229 4500 | ||
|---|---|---|---|
| 001 | 39951 | ||
| 005 | 20260407155656.0 | ||
| 008 | 260407a1995 arg spa d | ||
| 003 | AR-UNSa-BCEJYS | ||
| 040 |
_aAR-UNSa-BCEJYS _bspa _cAR-UNSa-BCEJYS |
||
| 080 |
_a658.15 _xAdministración financiera privada. Gestión financiera de empresas |
||
| 245 | 1 | 0 | _a¿Qué debo saber de finanzas para crear mi propia empresa? |
| 020 | _a970-15-0017-2 | ||
| 264 | 1 |
_aMéxico : _bAlfaomega Grupo Editor _c1995 |
|
| 300 |
_axiii, 149 p. _c23 cm. |
||
| 505 | _a1. La creación - 2. El manejo de la información - 3. El equilibrio fundamental - 4. Un caso con mucha historia: Galileo Galilei, S.A. - 5. La previsión del futuro inmediato - 6. ¿Qué se puede hacer con la banca? - 7. ¿Comó definir la estructura de pasivo más adecuada? - 8. El dimensionamiento adecuado - 9. ¿Qué debo saber de finanzas para tener éxito en la creación de mi empresa? | ||
| 041 | _aspa | ||
| 942 | _cBK | ||
| 590 | _aniveau_biblio:m niveau_hierar:0 | ||
| 100 | 1 | _aSepúlveda Gutiérrez, Pedro Hernán | |
| 856 | 4 | 1 |
_uhttps://biblioeco.unsa.edu.ar/pmb/images/libros/L125645.jpg _yImagen de portada _qimage/jpeg |
| 999 |
_c3166 _d3166 |
||